Tranformácia dunajského nábrežia v Bratislave

Guardado en:
Detalles Bibliográficos
Autor principal: Urban, Ján (Autor)
Otros Autores: Vitková, Ľubica (Orientador)
Formato: Manuscrito Libro
Lenguaje:eslovaco
Publicado: Bratislava 2016
Materias:
Acceso en línea:http://is.stuba.sk/zp/portal_zp.pl?podrobnosti=122060
Etiquetas: Agregar Etiqueta
Sin Etiquetas, Sea el primero en etiquetar este registro!

MARC

LEADER 00000ntm a22000003a 4500
001 stuzp59454
003 SK-STU
005 20210225100532.6
007 ta
008 150427s2015----xo-----f-mn---000-0-slo-d
040 |a STU  |b slo 
041 0 |a slo 
100 1 |a Urban, Ján  |u 056160  |4 aut  |U FAD Fakulta architektúry  |T FA Ústav urbanizmu a územného plánovania  |X 68358  |U A6160  |Y 397  |7 A000068358 
242 0 1 |a Transformation of the Danube riverbank in Bratislava  |y eng 
245 1 0 |a Tranformácia dunajského nábrežia v Bratislave 
260 |c 2016  |a Bratislava 
650 4 |a kompaktné mesto  |2 slo 
650 4 |a transformácia  |2 slo 
650 4 |a permeabilita  |2 slo 
650 4 |a compact city  |2 eng 
650 4 |a transformation  |2 eng 
650 4 |a permeability  |2 eng 
700 1 |a Vitková, Ľubica  |u 056160  |k Z1  |4 ths  |U FAD Fakulta architektúry  |T FA Ústav urbanizmu a územného plánovania  |X 447  |U A6160  |Y 397  |7 A000000447 
856 4 |u http://is.stuba.sk/zp/portal_zp.pl?podrobnosti=122060  |u https://opac.crzp.sk/?fn=detailBiblioForm&sid=FFEED6484134604A3D75ACB88729 
SQL |a stuzp59454  |b DDP  |c SLO  |d Tranformácia dunajského nábrežia v Bratislave  |e 68358  |f Urban, Ján  |g 056160  |h 447  |i Vitková, Ľubica  |j 20160602  |k 159  |l 05  |m http://is.stuba.sk/zp/portal_zp.pl?podrobnosti=122060  |n I-URB  |o 5.1.1. architektúra a urbanizmus